[Event "Oberliga Nord W 1819"]
[Site "Germany"]
[Date "2019.01.20"]
[Round "5.3"]
[White "Pawelzik, Malte"]
[Black "Polster, Christian"]
[Result "0-1"]
[WhiteElo "2127"]
[BlackElo "2294"]
[PlyCount "82"]
[EventDate "2018.10.21"]
[EventType "team-tourn"]
[EventRounds "9"]
[EventCountry "GER"]
[SourceTitle "EXT 2020"]
[Source "ChessBase"]
[SourceDate "2019.10.17"]
[SourceVersion "1"]
[SourceVersionDate "2019.10.17"]
[SourceQuality "1"]
[WhiteTeam "Hannover SF"]
[BlackTeam "Lister Turm"]
[WhiteTeamCountry "GER"]
[BlackTeamCountry "GER"]

1. e4 c5 2. Nf3 d6 3. d4 cxd4 4. Nxd4 Nf6 5. Nc3 a6 6. Bg5 Nbd7 7. Qe2 h6 8. Bh4 g6 9. f4 e5 10. fxe5 dxe5 11. 0-0-0 Qc7 12. Nd5 Nxd5 13. exd5 Bd6 14. Nb3 b5 15. Qd2 Kf8 16. Kb1 a5 17. Bxb5 a4 18. Nc1 Rb8 19. Bxa4 Nc5 20. Bb3 Bf5 21. Qe2 Kg7 22. g4 Be4 23. Rhf1 f5 24. gxf5 gxf5 25. Rf2 Kh7 26. Qh5 Rhg8 27. Re1 Rbf8 28. Re3 f4 29. Rc3 Bf5 30. Qd1 Rg4 31. Nd3 Rxh4 32. Rg2 Qe7 33. Nxc5 Bxc5 34. d6 Qxd6 35. Rd2 Bd4 36. Rc4 Rg4 37. Ka1 Qg6 38. Rdxd4 exd4 39. Rc7+ Kh8 40. Qxd4+ Qf6 41. Qf2 Qd6 0-1

[Event "Landesliga Sued 1718"]
[Site "Bayern"]
[Date "2017.12.10"]
[Round "4.7"]
[White "Pawelzik, Malte"]
[Black "Giss, Arthur"]
[Result "1-0"]
[WhiteElo "2154"]
[BlackElo "2056"]
[PlyCount "67"]
[EventDate "2017.10.22"]
[EventType "team-tourn"]
[EventRounds "9"]
[EventCountry "GER"]
[SourceTitle "EXT 2022"]
[Source "ChessBase"]
[SourceDate "2021.10.06"]
[SourceVersion "1"]
[SourceVersionDate "2021.10.06"]
[SourceQuality "1"]
[WhiteTeam "Garching II"]
[BlackTeam "Dillingen"]
[WhiteTeamCountry "GER"]
[BlackTeamCountry "GER"]

1. e4 c5 2. Nf3 d6 3. d4 cxd4 4. Nxd4 Nf6 5. Nc3 e6 6. g4 a6 7. g5 Nfd7 8. Bg2 Qc7 9. Be3 b5 10. f4 Nb6 11. Qd3 Nc4 12. 0-0-0 Nd7 13. Kb1 Rb8 14. Bc1 Ndb6 15. Rhe1 Be7 16. h4 b4 17. Nd5 exd5 18. exd5 Bd7 19. h5 Bb5 20. Qe4 Na4 21. Ka1 Nc5 22. Qe2 b3 23. cxb3 Na3 24. Qd2 Nd3 25. bxa3 Nxe1 26. Rxe1 0-0 27. a4 Be8 28. Nf5 Bd8 29. Bb2 f6 30. h6 gxh6 31. Nxh6+ Kh8 32. Ng4 Bg6 33. gxf6 Rf7 34. Re8+ 1-0

[Event "Bayern-chI Bank Hofmann 21st"]
[Site "Tegernsee"]
[Date "2017.10.28"]
[Round "1"]
[White "Antal, Gergely"]
[Black "Pawelzik, Malte"]
[Result "1-0"]
[WhiteElo "2529"]
[BlackElo "2107"]
[PlyCount "69"]
[EventDate "2017.10.28"]
[EventType "swiss"]
[EventRounds "9"]
[EventCountry "GER"]
[SourceTitle "CBM 181 Extra"]
[Source "ChessBase"]
[SourceDate "2017.12.12"]
[SourceVersion "1"]
[SourceVersionDate "2017.12.12"]
[SourceQuality "1"]

1. e4 e6 2. d4 d5 3. Nd2 Nf6 4. e5 Nfd7 5. Bd3 c5 6. c3 Nc6 7. Ne2 cxd4 8. cxd4 f6 9. exf6 Nxf6 10. 0-0 Bd6 11. Nf3 Qc7 12. Bg5 0-0 13. Bh4 Nh5 14. Qc2 h6 15. Bh7+ Kh8 16. Bg6 Rxf3 17. Bxh5 Rf8 18. Bg3 e5 19. dxe5 Bxe5 20. Qd2 Be6 21. Rac1 Rad8 22. Nd4 Bc8 23. Bf3 Bxg3 24. hxg3 Qb6 25. Rfd1 Ne5 26. b3 Bf5 27. Qe3 Be4 28. Be2 Rde8 29. Qc3 Nc6 30. Bf1 Bg6 31. Rd2 Rf6 32. Bb5 Ref8 33. Bxc6 bxc6 34. Qc5 Qc7 35. Ne6 1-0

[Event "Regionalliga SW 1617"]
[Site "Bayern"]
[Date "2017.02.19"]
[Round "6.4"]
[White "Erler, Mark"]
[Black "Pawelzik, Malte"]
[Result "1/2-1/2"]
[WhiteElo "2010"]
[BlackElo "2090"]
[PlyCount "72"]
[EventDate "2016.10.16"]
[EventType "team-tourn"]
[EventRounds "9"]
[EventCountry "GER"]
[SourceTitle "EXT 2019"]
[Source "ChessBase"]
[SourceDate "2018.10.10"]
[SourceVersion "1"]
[SourceVersionDate "2018.10.10"]
[SourceQuality "1"]
[WhiteTeam "Tuerkheim/Bad Woerishofen"]
[BlackTeam "Garching III"]
[WhiteTeamCountry "GER"]
[BlackTeamCountry "GER"]

1. d4 Nf6 2. c4 g6 3. Nc3 d5 4. Bg5 Ne4 5. Qc1 Bg7 6. cxd5 Nxc3 7. bxc3 Qxd5 8. Bh6 Bf6 9. Nf3 c5 10. e3 Nc6 11. Be2 Qf5 12. h4 Qh5 13. Bg5 Bg4 14. Qb2 Bxg5 15. Qxb7 0-0 16. Qxc6 Bf6 17. Ng1 cxd4 18. Bxg4 Qxg4 19. cxd4 Rac8 20. Qf3 Qe6 21. Qe2 Qc6 22. Rd1 Qxg2 23. Qf3 Qxf3 24. Nxf3 Rc2 25. 0-0 Rxa2 26. Ra1 Rxa1 27. Rxa1 Ra8 28. Ra6 Kf8 29. e4 Ke8 30. e5 Bg7 31. Ng5 h6 32. Ne4 Kd7 33. Kg2 Kc7 34. f4 Bf8 35. d5 Rd8 36. Rxa7+ Kb6 1/2-1/2

[Event "Werther Schloss op 22nd"]
[Site "Werther"]
[Date "2016.03.19"]
[Round "4"]
[White "Chilla, Jan Eric"]
[Black "Pawelzik, Malte"]
[Result "1-0"]
[WhiteElo "2248"]
[BlackElo "2047"]
[PlyCount "75"]
[EventDate "2016.03.17"]
[EventType "swiss"]
[EventRounds "7"]
[EventCountry "GER"]
[SourceTitle "CBM 171 Extra"]
[Source "ChessBase"]
[SourceDate "2016.04.26"]
[SourceVersion "1"]
[SourceVersionDate "2016.04.26"]
[SourceQuality "1"]

1. Nf3 Nf6 2. g3 g6 3. Bg2 Bg7 4. 0-0 0-0 5. d4 d5 6. Bf4 c6 7. Qc1 Re8 8. Rd1 Nbd7 9. c4 e6 10. Bh6 Bh8 11. Nc3 Qa5 12. a3 dxc4 13. e4 e5 14. Qg5 Qc7 15. d5 c5 16. Nh4 Qd8 17. Nf5 Nf8 18. Ne3 Ng4 19. Nxg4 Qxg5 20. Bxg5 Bxg4 21. f3 Bd7 22. a4 a6 23. a5 Bb5 24. Rdc1 Nd7 25. Be3 Rac8 26. Bf1 Bf6 27. Nb1 Kf8 28. Na3 Be7 29. Bxc4 Bxc4 30. Nxc4 Red8 31. Ra3 Ke8 32. g4 Bf8 33. g5 Rc7 34. Rb3 Rb8 35. h4 Kd8 36. Bf2 Rcc8 37. Bg3 Bg7 38. f4 1-0

[Event "Werther Schloss op 22nd"]
[Site "Werther"]
[Date "2016.03.19"]
[Round "5"]
[White "Pawelzik, Malte"]
[Black "Terhuven, Patrick"]
[Result "1/2-1/2"]
[WhiteElo "2047"]
[BlackElo "2154"]
[PlyCount "39"]
[EventDate "2016.03.17"]
[EventType "swiss"]
[EventRounds "7"]
[EventCountry "GER"]
[SourceTitle "CBM 171 Extra"]
[Source "ChessBase"]
[SourceDate "2016.04.26"]
[SourceVersion "1"]
[SourceVersionDate "2016.04.26"]
[SourceQuality "1"]

1. e4 c5 2. Nf3 g6 3. d4 cxd4 4. Nxd4 Nf6 5. Nc3 Nc6 6. Be3 Bg7 7. Bc4 0-0 8. Bb3 d5 9. exd5 Na5 10. 0-0 Nxb3 11. Nxb3 b6 12. Nd4 Nxd5 13. Nc6 Nxe3 14. fxe3 Qe8 15. Nd5 e6 16. Nde7+ Kh8 17. c3 Qd7 18. Qxd7 Bxd7 19. Rad1 Be8 20. Rd6 1/2-1/2

[Event "Heusenstamm Sparkassen op-A 2nd"]
[Site "Heusenstamm"]
[Date "2015.11.28"]
[Round "5"]
[White "Zimmer, Gerald"]
[Black "Pawelzik, Malte"]
[Result "0-1"]
[WhiteElo "1923"]
[BlackElo "2056"]
[PlyCount "126"]
[EventDate "2015.11.26"]
[EventType "swiss"]
[EventRounds "7"]
[EventCountry "GER"]
[SourceTitle "EXT 2018"]
[Source "ChessBase"]
[SourceDate "2017.10.13"]
[SourceVersion "1"]
[SourceVersionDate "2017.10.13"]
[SourceQuality "1"]

1. d4 Nf6 2. Nf3 g6 3. g3 Bg7 4. Bg2 d5 5. c4 c6 6. cxd5 cxd5 7. Nc3 Ne4 8. Qb3 Nxc3 9. bxc3 Nc6 10. 0-0 0-0 11. a4 Na5 12. Qa2 b6 13. Nd2 Be6 14. Ba3 Rc8 15. Rac1 Qd7 16. Bb4 Nc4 17. Nxc4 Rxc4 18. Qa3 a5 19. Bxe7 Rxa4 20. Qd6 Qxd6 21. Bxd6 Rc8 22. Rb1 Rc6 23. Be7 Rxc3 24. e3 Rc6 25. Rb5 Bf8 26. Bxf8 Kxf8 27. Bxd5 Bxd5 28. Rxd5 Rb4 29. Rd7 Ke8 30. Rb7 a4 31. d5 Rd6 32. Rc1 Rd7 33. Rb8+ Ke7 34. Rd1 b5 35. e4 Rxe4 36. Rxb5 Ra7 37. d6+ Kd7 38. Rb8 Re6 39. Rf8 Rf6 40. Re1 Ra6 41. Ra1 Kxd6 42. Rb8 Rf5 43. Ra3 Kc5 44. Kg2 h5 45. h4 Ra7 46. f4 Kc4 47. Rb2 Rb5 48. Rc2+ Kb4 49. Rcc3 Rc5 50. Re3 Rc4 51. Rad3 Rac7 52. Rd8 Rc2+ 53. Kh3 R2c3 54. Rb8+ Ka3 55. Re5 Ka2 56. Ra8 a3 57. Re2+ Rc2 58. Re4 f5 59. Re6 Rb2 60. Re3 Rb3 61. Re2+ Kb1 62. Re1+ Rc1 63. Re6 Rb2 0-1

[Event "Hannover-ch op"]
[Site "Stadthagen"]
[Date "2009.10.04"]
[Round "3"]
[White "Schulz, Daniel"]
[Black "Pawelzik, Malte"]
[Result "0-1"]
[WhiteElo "1720"]
[BlackElo "1744"]
[PlyCount "50"]
[EventDate "2009.10.01"]
[EventType "swiss"]
[EventRounds "7"]
[EventCountry "GER"]
[SourceTitle "EXT 2021"]
[Source "ChessBase"]
[SourceDate "2020.10.23"]
[SourceVersion "1"]
[SourceVersionDate "2020.10.23"]
[SourceQuality "1"]

1. f4 g6 2. Nf3 Bg7 3. g3 Nf6 4. Bg2 0-0 5. 0-0 d5 6. d3 c6 7. c3 Nbd7 8. Qc2 Re8 9. e4 e5 10. fxe5 dxe4 11. dxe4 Ng4 12. e6 Rxe6 13. Ng5 Rf6 14. Bf4 Rxf4 15. gxf4 Qb6+ 16. Rf2 Bh6 17. h4 Nc5 18. Na3 Nd3 19. Qxd3 Qxf2+ 20. Kh1 Qxh4+ 21. Kg1 Qh2+ 22. Kf1 Qxf4+ 23. Nf3 Nh2+ 24. Kf2 Nxf3 25. Bxf3 Bg4 0-1

[Event "Hannover-ch op"]
[Site "Stadthagen"]
[Date "2009.10.03"]
[Round "2"]
[White "Pawelzik, Malte"]
[Black "Mensching, Wilfried"]
[Result "1-0"]
[WhiteElo "1744"]
[BlackElo "1782"]
[PlyCount "43"]
[EventDate "2009.10.01"]
[EventType "swiss"]
[EventRounds "7"]
[EventCountry "GER"]
[SourceTitle "EXT 2021"]
[Source "ChessBase"]
[SourceDate "2020.10.23"]
[SourceVersion "1"]
[SourceVersionDate "2020.10.23"]
[SourceQuality "1"]

1. e4 d6 2. d4 g6 3. Nc3 Bg7 4. Be3 Nf6 5. h3 0-0 6. Nf3 Nbd7 7. Be2 c5 8. d5 a6 9. a4 Qc7 10. 0-0 Rb8 11. Nd2 Ne8 12. a5 b5 13. axb6 Rxb6 14. Nc4 Rb4 15. Bd3 Rb8 16. b3 e6 17. Na5 exd5 18. Nxd5 Qa7 19. Nc6 Qa8 20. Nxb8 Bxa1 21. Nxd7 Bxd7 22. Qxa1 1-0